00498pab a2200169 454500008004000000100002100040245005000061260000900111300000900120362000900129650002400138700002000162773001500182909001000197999001700207952010400224180718b1988 xxu||||| |||| 00| 0 eng d aGazell, James A. aExpansion of centralized presidential control c1988 a30-6 aFall aPresidents - U.S.A. aDarrell L. Pugh aBureaucrat a16354 c16354d16354 00104070aIIPAbIIPAd2018-07-19hVolume no: 17, Issue no: 3pAR16413r2018-07-19w2018-07-19yAR